| 000 | 01103nam a2200313 a 4500 | ||
|---|---|---|---|
| 005 | 20200104041522.0 | ||
| 008 | 140303b1993 ck a gr|||| 00| 0 spa d | ||
| 040 |
_aCO-BoIAVH _cCO-BoIAVH |
||
| 041 | _aspa | ||
| 044 | _ack | ||
| 082 |
_a639.2 _bM71e |
||
| 100 | 1 |
_aMolano Rueda, Fernando _912941 |
|
| 245 | 1 | _aEstudio biológico pesquero en aguas bajas de los ríos Duda, Guayabero y sus tributarios en el P.N.N. La Macarena | |
| 260 |
_aBogotá _bINDERENA _bCorpos _c1993 |
||
| 300 |
_a80 paginas. _bilustraciones.; _c22 x 28 cm. |
||
| 650 | 4 |
_aBiología _992 |
|
| 650 | 4 |
_aPeces _953410 |
|
| 650 | 6 |
_aPesca _953411 |
|
| 650 | 4 |
_aComercio de especies _94307 |
|
| 650 | 4 |
_aManejo de fauna _93823 |
|
| 650 | 6 |
_aactividades económicas _94601 |
|
| 662 |
_aColombia _cParque Nacional Natural La Macarena _bAmazonas |
||
| 662 |
_aColombia _cRío Duda _bMeta y Guaviare |
||
| 662 |
_aColombia _cParque Nacional Natural Tinigua _bAmazonas |
||
| 662 |
_aColombia _cRío Guayabero _bMeta y Guaviare |
||
| 700 | 1 |
_aVargas Torres, Hector _912944 |
|
| 700 | 1 |
_aMayorga G., Marcela _912945 |
|
| 942 |
_cLIBRO _2ddc |
||
| 999 |
_c1593 _d1593 |
||